Гибель 31-го отдела: пер. с швед.

Бібліографічні деталі
Автор: Вале П. Пер
Інші автори: Анджапаридзе Г. (автор предисловия), Анно А. И. (иллюстратор)
Резюме:Исключено из фонда НТБ ТПУ
Мова:Російська
Опубліковано: Москва, Правда, 1989
Серія:МП
Формат: Книга
KOHA link:https://koha.lib.tpu.ru/cgi-bin/koha/opac-detail.pl?biblionumber=159056

MARC

LEADER 00000nam0a2200000 4500
001 159056
005 20231031154909.0
020 |a RU  |b 89-56814 
035 |a (RuTPU)RU\TPU\book\172504 
090 |a 159056 
100 |a 20090504d1989 m y0rusy5003 ca 
101 1 |a rus  |c swe 
102 |a RU 
105 |a a z 000ay 
200 1 |a Гибель 31-го отдела   |e пер. с швед.  |f П. Вале  |g авт. предисл. Г. Анджапаридзе ; худож. А. И. Анно 
210 |a Москва  |c Правда  |d 1989 
215 |a 464 с.  |c ил. 
225 1 |a МП  |e Мир приключений 
333 |a Исключено из фонда НТБ ТПУ 
700 1 |a Вале  |b П.  |g Пер 
702 1 |a Анджапаридзе  |b Г.  |4 080 
702 1 |a Анно  |b А. И.  |4 440 
801 0 |a RU  |b RuMRKP  |c 19950417  |g psbo 
801 1 |a RU  |b 63413507  |c 20090504  |g PSBO 
801 2 |a RU  |b 63413507  |c 20220614  |g PSBO 
942 |c BK